16) Licence to Kill Quiz - Statistics

General Stats
  • This quiz has been taken 419 times
  • The average score is 5 of 10
Answer Stats
Question Answer % Correct
What pet owned by Sanchez does Lupe hate? an iguana
81%
Bond resigns from the MI6 at the former house of which great American writer in Key West, Florida? Ernest Hemingway
71%
What does Sanchez suggest they do with the bloodied money after Krest is "decompressed"? launder it
71%
What is the name of Felix Leiter's murdered wife? Della
65%
What catchphrase does televangelist Professor Joe twice say to Pam? Bless your heart!
61%
Which fictional country is Sanchez in de facto control of? the Republic of Isthmus
57%
President Lopez is played by the son of a former Bond film actor. Which character did his father play? Kerim Bey
45%
How many tanker trucks of cocaine soaked in gasoline does Sanchez try to escape with? 4
29%
Which screenwriter received his final Bond film credit, having written for 13 of the films? Richard Maibaum
29%
What brand of plastic explosive toothpaste does Q provide for Bond? Dentonite
25%
No matching quizzes found
Score Distribution
Percent of People with Each Score
Percentile by Number Answered
Your Score History
You have not taken this quiz